00808nam a2200229Ia 4500008004100000050001700041050001400058100002400072245006800096245011300164245002300277260001000300260002700310260000900337300001500346300002000361300001100381650003300392650001200425999001900437952012200456180523s9999 xx 000 0 und d aMAIN BX 2163 b.P38 2002 aPaul, Pope John II. 0aRosarium Virginis Mariae (The rosary of the Virgin Mary) :  0bapostolic letter of the supreme pontiff to the bishops, clergy and faithful on the most holy rosary / 0cPope John Paul II. aUSA : bCathedral Foundation., c2002 a48 pages : billustrations ; c23 cm. aMary, Blessed Virgin, Saint. xRosary. c356606d356606 001040aSMCbSMCcMAINd2008-01-11g40.00l0oMAIN BX 2163 .P38 2002pSMC04789r2018-05-23 00:00:00w2018-05-23yBK